[Event "IX American Continental Classical Championship 201"]
[Site "Hotel Pipa AtlÃ¢ntico - Praia da Pipa - Rio Grande"]
[Date "2014.10.24"]
[Round "9"]
[Board "56"]
[White "Bastos, Werton Alvarenga"]
[Black "Araujo, Vitor Angelo Lima"]
[Result "1/2-1/2"]
[WhiteElo "2071"]
[BlackElo "1840"]
[PlyCount "93"]
[EventDate "2014.10.18"]
[EventRounds "11"]
[EventCountry "BRA"]

1. c4 e6 2. Nf3 Nf6 3. g3 d5 4. Bg2 Be7 5. O-O O-O 6. b3 c5 7. cxd5 Nxd5 8. Bb2
Nc6 9. Nc3 Bf6 10. Rc1 Rb8 11. Ba1 Nxc3 12. Bxc3 b6 13. Qc2 Bb7 14. Qb2 Bxc3
15. Qxc3 e5 16. d3 Nd4 17. Nxd4 exd4 18. Qb2 Bxg2 19. Kxg2 Re8 20. Rfe1 Re5 21.
b4 Qd5+ 22. Kg1 Rbe8 23. bxc5 bxc5 24. Rc2 h5 25. Qa3 R8e7 26. f3 h4 27. Qa6
Qe6 28. Qxe6 R7xe6 29. Kf2 hxg3+ 30. hxg3 Kf8 31. Rb1 Rb6 32. Rcb2 Ree6 33. Rb5
Rec6 34. a4 Ke7 35. a5 Rxb5 36. Rxb5 Kd6 37. e3 dxe3+ 38. Kxe3 Rc7 39. g4 Kc6
40. Rb8 Rd7 41. Ke4 Rd4+ 42. Ke3 Rd7 43. Ke4 Re7+ 44. Kf4 Rc7 45. Ke5 Re7+ 46.
Kf4 Rd7 47. Ke4 1/2-1/2

[Event "IX American Continental Classical Championship 201"]
[Site "Hotel Pipa AtlÃ¢ntico - Praia da Pipa - Rio Grande"]
[Date "2014.10.24"]
[Round "9"]
[Board "57"]
[White "Lima, Alan Silva De"]
[Black "Hernandez Amura, Gilberto"]
[Result "1-0"]
[WhiteElo "1904"]
[BlackElo "2061"]
[PlyCount "99"]
[EventDate "2014.10.18"]
[EventRounds "11"]
[EventCountry "BRA"]

1. c4 e5 2. g3 Nf6 3. Bg2 c6 4. Nf3 e4 5. Nd4 d5 6. cxd5 Qxd5 7. Nc2 Qh5 8. h3
Na6 9. Nc3 Qg6 10. Ne3 Bc5 11. Qa4 b5 12. Qc2 Nb4 13. Qb1 Bxe3 14. dxe3 Bf5 15.
a3 Nbd5 16. Qc2 O-O 17. b3 h5 18. h4 Qg4 19. Nd1 c5 20. Bb2 c4 21. Bd4 Rfc8 22.
b4 a5 23. bxa5 Rxa5 24. Qd2 Rca8 25. Bc5 Ra4 26. Nc3 Nxc3 27. Qxc3 Rc8 28. Bd4
Nd5 29. Qb2 b4 30. axb4 Rxb4 31. Qc2 c3 32. Bh3 Qg6 33. Bxf5 Qxf5 34. O-O Rb2
35. Qd1 Nb4 36. Bxc3 Rxc3 37. Qd8+ Kh7 38. Ra8 Qg4 39. Qh8+ Kg6 40. Rg8 Kf6 41.
Rd1 Rc6 42. Ra8 Qf5 43. Qd8+ Kg6 44. Ra5 Qf6 45. Rg5+ Kh7 46. Rxh5+ Kg6 47. Qh8
Qe6 48. Rg5+ Kf6 49. Qxg7+ Ke7 50. Re5 1-0

[Event "IX American Continental Classical Championship 201"]
[Site "Hotel Pipa AtlÃ¢ntico - Praia da Pipa - Rio Grande"]
[Date "2014.10.24"]
[Round "9"]
[Board "58"]
[White "Rothebarth, Ana Vitoria De Pau"]
[Black "Ribeiro, Jose Joselito"]
[Result "1-0"]
[WhiteElo "2042"]
[BlackElo "1733"]
[PlyCount "71"]
[EventDate "2014.10.18"]
[EventRounds "11"]
[EventCountry "BRA"]

1. e4 c5 2. Nc3 Nc6 3. f4 a6 4. Nf3 d6 5. d4 cxd4 6. Nxd4 e6 7. Be3 Be7 8. Be2
Nf6 9. Qd2 Nxd4 10. Bxd4 b5 11. e5 dxe5 12. fxe5 Nd5 13. Nxd5 exd5 14. e6 Bxe6
15. Bxg7 Rg8 16. Bd4 Rxg2 17. Bxb5+ axb5 18. Qxg2 Qa5+ 19. c3 Kd7 20. Rf1 b4
21. Qc2 h5 22. cxb4 Bh4+ 23. Kd2 Qxb4+ 24. Qc3 Qb5 25. Rac1 Bd8 26. a3 Bg4 27.
Rxf7+ Ke8 28. Rf2 Bg5+ 29. Ke1 Rc8 30. Bc5 Bh4 31. Qe5+ Kd7 32. Qxd5+ Ke8 33.
Qg8+ Kd7 34. Qf7+ Kc6 35. Be3+ Kd6 36. Qf4+ 1-0

[Event "IX American Continental Classical Championship 201"]
[Site "Hotel Pipa AtlÃ¢ntico - Praia da Pipa - Rio Grande"]
[Date "2014.10.24"]
[Round "9"]
[Board "59"]
[White "Rapouso, Ricardo Luis Borba"]
[Black "Martins, George Evandro Barret"]
[Result "0-1"]
[WhiteElo "1934"]
[BlackElo "2276"]
[PlyCount "92"]
[EventDate "2014.10.18"]
[EventRounds "11"]
[EventCountry "BRA"]

1. d4 e6 2. c4 f5 3. Nc3 Nf6 4. e3 Be7 5. Bd3 d6 6. Qc2 Na6 7. Bd2 c6 8. a3 O-O
9. f3 Qe8 10. Nge2 Kh8 11. O-O-O Bd7 12. h4 b5 13. Nb1 Rc8 14. Bc3 c5 15. cxb5
c4 16. Bxf5 exf5 17. bxa6 d5 18. Qd2 Rb8 19. Nf4 Bd6 20. Rde1 Bc8 21. h5 Kg8
22. g3 Kf7 23. Rh2 Qc6 24. g4 fxg4 25. fxg4 Bxg4 26. Qg2 Rb5 27. Rf1 Kg8 28. h6
g6 29. Nxg6 hxg6 30. h7+ Nxh7 31. Rxf8+ Nxf8 32. Rh4 Bf5 33. Qh1 Qd7 34. Rh8+
Kf7 35. a4 Rb6 36. Nd2 Qc6 37. e4 dxe4 38. d5 Qxa4 39. Qh6 e3 40. Qg7+ Ke8 41.
b3 exd2+ 42. Kxd2 Qa2+ 43. Bb2 c3+ 44. Ke3 cxb2 45. Rxf8+ Bxf8 46. Qe5+ Kd7 0-1

[Event "IX American Continental Classical Championship 201"]
[Site "Hotel Pipa AtlÃ¢ntico - Praia da Pipa - Rio Grande"]
[Date "2014.10.24"]
[Round "9"]
[Board "60"]
[White "Araujo, Jose Roberto"]
[Black "Quaranta Neto, Francisco"]
[Result "0-1"]
[WhiteElo "2205"]
[BlackElo "1933"]
[PlyCount "172"]
[EventDate "2014.10.18"]
[EventRounds "11"]
[EventCountry "BRA"]

1. d4 d5 2. c4 c6 3. Nc3 Nf6 4. e3 e6 5. Nf3 Bd6 6. Qc2 Nbd7 7. Bd3 O-O 8. O-O
dxc4 9. Bxc4 e5 10. Rd1 exd4 11. exd4 Nb6 12. Bb3 Bg4 13. Qd3 Bh5 14. Bg5 h6
15. Bh4 g5 16. Bg3 Bxg3 17. hxg3 Nbd5 18. Re1 Bg6 19. Qd2 Nxc3 20. bxc3 Kg7 21.
Ne5 Bh7 22. Rad1 Ne4 23. Qb2 f6 24. Nf3 Qc7 25. c4 Rfe8 26. d5 cxd5 27. cxd5
Qc3 28. Qa3 Qc5 29. Qxc5 Nxc5 30. Nd4 Nxb3 31. axb3 Rxe1+ 32. Rxe1 Kf7 33. Rc1
Be4 34. Rc7+ Kg6 35. d6 Rd8 36. Re7 Bd5 37. g4 h5 38. f3 hxg4 39. fxg4 Bc6 40.
Nf5 Rd7 41. Re1 a5 42. Ra1 b6 43. Ne7+ Kf7 44. Nxc6 Rxd6 45. Rc1 Ke6 46. Rc3
Kd5 47. Na7 Re6 48. Kf2 Re4 49. Kf3 Rb4 50. Nc6 Rf4+ 51. Kg3 Re4 52. Nd8 Kd4
53. Rf3 Re3 54. Nc6+ Ke4 55. Ne7 b5 56. Nc6 a4 57. bxa4 bxa4 58. Nb4 Rb3 59.
Nc2 Rxf3+ 60. gxf3+ Kd3 61. Na3 Kc3 62. Kf2 Kb3 63. Nb5 Kc4 64. Nd6+ Kb4 65.
Ne4 a3 66. Nxf6 a2 67. Ne4 a1=Q 68. Nxg5 Kc5 69. Nh3 Kd4 70. g5 Ke5 71. Kg3 Kf5
72. Kg2 Qe1 73. Kh2 Kg6 74. Kg2 Kh5 75. Nf2 Kxg5 76. Nh3+ Kh4 77. Nf2 Qe5 78.
Ne4 Kh5 79. Kh3 Qf4 80. Ng3+ Kg5 81. Ne4+ Kf5 82. Ng3+ Ke5 83. Kg2 Qd2+ 84. Kg1
Kf4 85. Nf1 Qe2 86. Nh2 Kg3 0-1

[Event "IX American Continental Classical Championship 201"]
[Site "Hotel Pipa AtlÃ¢ntico - Praia da Pipa - Rio Grande"]
[Date "2014.10.24"]
[Round "9"]
[Board "61"]
[White "De Freitas, Julio Eimard"]
[Black "Bortoloso, Moacir Canella"]
[Result "0-1"]
[WhiteElo "1872"]
[BlackElo "2190"]
[PlyCount "76"]
[EventDate "2014.10.18"]
[EventRounds "11"]
[EventCountry "BRA"]

1. d4 d5 2. c4 Bf5 3. Nc3 e6 4. cxd5 exd5 5. Qb3 Nc6 6. Be3 Nf6 7. h3 Na5 8.
Qa4+ c6 9. g4 b5 10. Qd1 Be4 11. Nf3 Nc4 12. Bc1 Bb4 13. Bg2 Qa5 14. O-O Bxc3
15. bxc3 Qxc3 16. Bg5 Nd7 17. Qb3 Qa5 18. Rfc1 O-O 19. a4 b4 20. Ne5 Ncxe5 21.
Bxe4 dxe4 22. dxe5 Qxe5 23. Be3 c5 24. Ra2 Rac8 25. Rac2 Rc6 26. Rc4 Rfc8 27.
Qd1 R6c7 28. Qc2 f5 29. f4 Qe6 30. gxf5 Qxf5 31. Rxe4 Qxh3 32. Qc4+ Kh8 33. Qd3
Nf6 34. Rxb4 cxb4 35. Rxc7 Rxc7 36. Qd8+ Ng8 37. Qxc7 Qxe3+ 38. Kf1 b3 0-1

[Event "IX American Continental Classical Championship 201"]
[Site "Hotel Pipa AtlÃ¢ntico - Praia da Pipa - Rio Grande"]
[Date "2014.10.24"]
[Round "9"]
[Board "62"]
[White "Moyses Sobrinho, Elias"]
[Black "De Lima, Carlos Alexandre"]
[Result "0-1"]
[WhiteElo "1915"]
[BlackElo "2094"]
[PlyCount "76"]
[EventDate "2014.10.18"]
[EventRounds "11"]
[EventCountry "BRA"]

1. e4 d6 2. d4 Nf6 3. Nc3 c6 4. Nf3 Bg4 5. Be2 Nbd7 6. h3 Bh5 7. Bg5 e5 8. dxe5
dxe5 9. O-O Bb4 10. a3 Bxc3 11. bxc3 O-O 12. Bxf6 Nxf6 13. Qxd8 Raxd8 14. Bd3
Bxf3 15. gxf3 Nh5 16. Rfd1 Rd7 17. Be2 Rfd8 18. Rxd7 Rxd7 19. Rd1 Rxd1+ 20.
Bxd1 Kf8 21. Be2 Nf4 22. Bf1 h5 23. Kh2 h4 24. Bc4 Ke7 25. Bb3 f6 26. Bc4 Kd6
27. a4 Kc5 28. Bb3 Ne2 29. Kg2 Nxc3 30. f4 Nxe4 31. fxe5 fxe5 32. Kf3 Nd2+ 33.
Kg4 Nxb3 34. cxb3 Kb4 35. Kxh4 c5 36. Kg5 Kxb3 37. Kg6 c4 38. Kxg7 c3 0-1

[Event "IX American Continental Classical Championship 201"]
[Site "Hotel Pipa AtlÃ¢ntico - Praia da Pipa - Rio Grande"]
[Date "2014.10.24"]
[Round "9"]
[Board "63"]
[White "Rocha, Vitor Firmo De Souza"]
[Black "Pinero, Ismael"]
[Result "1/2-1/2"]
[WhiteElo "2041"]
[BlackElo "1925"]
[PlyCount "119"]
[EventDate "2014.10.18"]
[EventRounds "11"]
[EventCountry "BRA"]

1. e4 c5 2. Nf3 Nc6 3. d4 cxd4 4. Nxd4 Nf6 5. Nc3 e5 6. Ndb5 d6 7. Bg5 a6 8.
Na3 b5 9. Bxf6 gxf6 10. Nd5 f5 11. c3 Bg7 12. exf5 Bxf5 13. Nc2 O-O 14. Nce3
Be6 15. Bd3 f5 16. Qh5 Qd7 17. g4 Bxd5 18. Nxd5 e4 19. Bc2 Rae8 20. Bb3 Kh8 21.
Nf4 Ne5 22. g5 Nd3+ 23. Nxd3 exd3+ 24. Kd2 Qa7 25. Qf3 Re2+ 26. Kxd3 Rxf2 27.
Qd5 Rxb2 28. Rhf1 Rxh2 29. Rf3 Qc7 30. Rc1 Qe7 31. Rc2 Rxc2 32. Kxc2 Qxg5 33.
Rh3 Qg4 34. Qh1 Qe4+ 35. Qxe4 fxe4 36. Re3 Rf3 37. Rxe4 Rxc3+ 38. Kd2 Rc8 39.
Re7 Be5 40. Bd5 Rc5 41. Be4 h5 42. Kd1 Bg3 43. Ra7 h4 44. Rxa6 Kg7 45. a4 bxa4
46. Rxa4 Kf6 47. Bg2 d5 48. Kd2 Ke5 49. Kd3 Rb5 50. Rg4 Ra5 51. Rg5+ Kd6 52.
Ke2 Ra2+ 53. Kf1 Be5 54. Rh5 Ra4 55. Rh6+ Kc5 56. Rh5 Ra1+ 57. Ke2 Ra2+ 58. Kf1
Ra1+ 59. Ke2 Ra2+ 60. Kf1 1/2-1/2

[Event "IX American Continental Classical Championship 201"]
[Site "Hotel Pipa AtlÃ¢ntico - Praia da Pipa - Rio Grande"]
[Date "2014.10.24"]
[Round "9"]
[Board "64"]
[White "Macedo, Alexandre Soares De"]
[Black "Cella, Glaucio Dalla Cortt"]
[Result "0-1"]
[WhiteElo "1854"]
[BlackElo "2033"]
[PlyCount "28"]
[EventDate "2014.10.18"]
[EventRounds "11"]
[EventCountry "BRA"]

1. Nf3 d5 2. g3 c5 3. Bg2 Nc6 4. d4 Bg4 5. dxc5 e5 6. O-O Bxc5 7. e3 Nge7 8. b4
Bxf3 9. Bxf3 Nxb4 10. Nd2 Nbc6 11. Nb3 Bb6 12. Qe2 e4 13. Bg2 O-O 14. Rd1 Ne5 {
resto ilegÃ­vel} 0-1

[Event "IX American Continental Classical Championship 201"]
[Site "Hotel Pipa AtlÃ¢ntico - Praia da Pipa - Rio Grande"]
[Date "2014.10.24"]
[Round "9"]
[Board "65"]
[White "Vasconcelos, Paulo Cesar Da S."]
[Black "Beckerman, M."]
[Result "1-0"]
[WhiteElo "1844"]
[BlackElo "2019"]
[PlyCount "165"]
[EventDate "2014.10.18"]
[EventRounds "11"]
[EventCountry "BRA"]

1. d4 e6 2. g3 f5 3. Bg2 Nf6 4. c4 d5 5. cxd5 exd5 6. Bg5 c6 7. Nc3 Bd6 8. Nf3
h6 9. Bxf6 Qxf6 10. O-O O-O 11. e3 Nd7 12. Rb1 Qe7 13. a3 Nf6 14. b4 a6 15. Qb3
Kh7 16. a4 Ne4 17. Rfc1 Bd7 18. Ne2 Rae8 19. Rc2 g5 20. Ne1 Qf7 21. f4 Rg8 22.
Bxe4 fxe4 23. Ng2 Qh5 24. b5 axb5 25. axb5 Rc8 26. bxc6 bxc6 27. Qb7 Rg7 28.
Qa6 Bg4 29. Rxc6 Rxc6 30. Qxc6 Bxe2 31. Qxd6 Bd3 32. Rc1 Bc4 33. Qe6 Rb7 34.
Qf5+ Kg7 35. fxg5 hxg5 36. Nf4 Qf3 37. Qxg5+ Kh7 38. Qg6+ Kh8 39. Qe8+ Kh7 40.
Qg6+ Kh8 41. Qh5+ Kg7 42. Qxf3 exf3 43. Kf2 Rb2+ 44. Kxf3 Rxh2 45. Ra1 Ba2 46.
g4 Kf6 47. Rc1 Bc4 48. Rb1 Rh8 49. Rb6+ Kg5 50. Rg6+ Kh4 51. Rc6 Rh7 52. Rd6
Rf7 53. Rh6+ Kg5 54. Rh5+ Kf6 55. Nxd5+ Kg6+ 56. Nf4+ Kg7 57. Rg5+ Kh6 58. Rc5
Bb3 59. g5+ Kg7 60. g6 Rf6 61. Rc7+ Kf8 62. g7+ Kg8 63. Ke4 Rf7 64. Rxf7 Kxf7
65. d5 Kxg7 66. Ke5 Ba4 67. d6 Kf7 68. Nd5 Bc6 69. Nb6 Bb5 70. Kd5 Kf6 71. Kc5
Bd3 72. Kd4 Bf1 73. e4 Ke6 74. e5 Bb5 75. Nd5 Kd7 76. Kc5 Bf1 77. Nb6+ Ke6 78.
d7 Ke7 79. Kc6 Kd8 80. e6 Bh3 81. Kd6 Bxe6 82. Kxe6 Kc7 83. Ke7 1-0

[Event "IX American Continental Classical Championship 201"]
[Site "Hotel Pipa AtlÃ¢ntico - Praia da Pipa - Rio Grande"]
[Date "2014.10.24"]
[Round "9"]
[Board "66"]
[White "Santos, Sidclay Souza"]
[Black "Gomes, Carlos Henrique Caldeir"]
[Result "0-1"]
[WhiteElo "2007"]
[BlackElo "1888"]
[PlyCount "56"]
[EventDate "2014.10.18"]
[EventRounds "11"]
[EventCountry "BRA"]

1. e4 c6 2. d4 d5 3. Nc3 dxe4 4. Nxe4 Bf5 5. Ng3 Bg6 6. Nf3 Nd7 7. Bc4 e6 8.
Bf4 Qa5+ 9. c3 Ngf6 10. Qb3 Qb6 11. O-O Be7 12. Nh4 Nd5 13. Nxg6 hxg6 14. Bd2
Qc7 15. Bd3 Rd8 16. Rae1 N7f6 17. h3 Bd6 18. Ne4 Bf4 19. Bxf4 Nxf4 20. Bc2 Rd5
21. Ng3 g5 22. c4 Rxd4 23. Nf5 Nxh3+ 24. gxh3 Rg4+ 25. Ng3 Rxh3 26. Re3 Rgh4
27. Rfe1 Ng4 28. Rf3 Rh1+ 0-1

[Event "IX American Continental Classical Championship 201"]
[Site "Hotel Pipa AtlÃ¢ntico - Praia da Pipa - Rio Grande"]
[Date "2014.10.24"]
[Round "9"]
[Board "68"]
[White "Meneghetti, Alexandre"]
[Black "Bulgarini Torre, Marco"]
[Result "1-0"]
[WhiteElo "1708"]
[BlackElo "1978"]
[PlyCount "97"]
[EventDate "2014.10.18"]
[EventRounds "11"]
[EventCountry "BRA"]

1. e4 e5 2. Nf3 Nc6 3. Bc4 Nf6 4. d3 Be7 5. Bg5 O-O 6. O-O h6 7. Bh4 d6 8. h3
Na5 9. Nbd2 Nxc4 10. Nxc4 c6 11. Ne3 Ne8 12. Bg3 Qb6 13. b3 Bf6 14. c3 Be6 15.
Qd2 Nc7 16. Ng4 Bxg4 17. hxg4 Ne6 18. Nh4 Bg5 19. Qd1 g6 20. Kh2 Qd8 21. Nf3
Qf6 22. Rh1 Kg7 23. Kg1 Rad8 24. Nxg5 hxg5 25. Qe2 Rfe8 26. f3 Nf4 27. Bxf4
exf4 28. Rc1 d5 29. Kf2 dxe4 30. fxe4 c5 31. Rh3 Qb6 32. Kf3 Qd6 33. Rd1 Qe5
34. Rc1 Rd7 35. Kf2 Rde7 36. Qc2 Qe6 37. c4 Qxg4 38. Qc3+ Re5 39. Rch1 Qd7 40.
Rh8 Qd4+ 41. Qxd4 cxd4 42. Rxe8 Rxe8 43. b4 g4 44. Rc1 Re5 45. c5 Rh5 46. e5
Rh2 47. Kg1 g3 48. Rc4 Rh5 49. b5 1-0

[Event "IX American Continental Classical Championship 201"]
[Site "Hotel Pipa AtlÃ¢ntico - Praia da Pipa - Rio Grande"]
[Date "2014.10.24"]
[Round "9"]
[Board "69"]
[White "Besso, Guadalupe"]
[Black "Serafim Junior, Arnor"]
[Result "1-0"]
[WhiteElo "1947"]
[BlackElo "1811"]
[PlyCount "57"]
[EventDate "2014.10.18"]
[EventRounds "11"]
[EventCountry "BRA"]

1. d4 Nf6 2. c4 e6 3. Nc3 d5 4. cxd5 exd5 5. Bg5 Be7 6. e3 O-O 7. Bd3 h6 8. Bh4
c6 9. Nge2 Be6 10. Nf4 Bg4 11. f3 Bc8 12. Bf2 Nbd7 13. O-O Re8 14. e4 dxe4 15.
fxe4 Nf8 16. Kh1 Bg4 17. Qb3 Qc7 18. Bg3 Qb6 19. h3 Nh5 20. Nxh5 Qxb3 21. axb3
Bxh5 22. d5 Bf6 23. dxc6 bxc6 24. Ra6 Nd7 25. Rxc6 Ne5 26. Bxe5 Bxe5 27. Bc4
Rad8 28. g4 Bg6 29. Rxg6 1-0

[Event "IX American Continental Classical Championship 201"]
[Site "Hotel Pipa AtlÃ¢ntico - Praia da Pipa - Rio Grande"]
[Date "2014.10.24"]
[Round "9"]
[Board "71"]
[White "Cardoso, Almir Correia"]
[Black "Lunelli, Neuri Antonio"]
[Result "1-0"]
[WhiteElo "2066"]
[BlackElo "1887"]
[PlyCount "113"]
[EventDate "2014.10.18"]
[EventRounds "11"]
[EventCountry "BRA"]

1. e4 c6 2. d4 d5 3. Nc3 dxe4 4. Nxe4 Nd7 5. Nf3 Ngf6 6. Ng3 e6 7. Bd3 Be7 8.
Qe2 O-O 9. O-O c5 10. c3 cxd4 11. cxd4 Qb6 12. a3 Nd5 13. Re1 N7f6 14. Bg5 Re8
15. Rac1 a6 16. Ne4 Bd7 17. Ne5 Rad8 18. Nc5 Bb5 19. Bxb5 axb5 20. b4 h6 21.
Bd2 Bd6 22. Qf3 Re7 23. g4 Nh7 24. h4 Qa7 25. g5 Bxe5 26. Rxe5 b6 27. Ne4 hxg5
28. hxg5 f6 29. gxf6 gxf6 30. Rh5 f5 31. Ng3 Ndf6 32. Rh4 Rg7 33. Qc6 Qe7 34.
Rh3 Qd6 35. Qxd6 Rxd6 36. Rc8+ Kf7 37. Be3 Nd5 38. Kh1 Nhf6 39. Ne2 Rg4 40. Bc1
Ke7 41. f3 Rg7 42. Rhh8 Kf7 43. Kh2 Rg8 44. Rhxg8 Nxg8 45. Bg5 Nge7 46. Rb8 Rd7
47. Bh4 Ra7 48. Bg3 Rxa3 49. Bd6 Ra7 50. Kg3 Rd7 51. Be5 Nc6 52. Rh8 Nf6 53.
Nf4 Nxd4 54. Rh6 Ng8 55. Rh7+ Ke8 56. Rxd7 Kxd7 57. Bxd4 1-0

[Event "IX American Continental Classical Championship 201"]
[Site "Hotel Pipa AtlÃ¢ntico - Praia da Pipa - Rio Grande"]
[Date "2014.10.24"]
[Round "9"]
[Board "72"]
[White "Rodrigues, Nei Jorge"]
[Black "Gomes, Jose Murilo"]
[Result "1-0"]
[WhiteElo "2033"]
[BlackElo "1864"]
[PlyCount "46"]
[EventDate "2014.10.18"]
[EventRounds "11"]
[EventCountry "BRA"]

1. Nf3 Nf6 2. g3 b6 3. Bg2 Bb7 4. O-O e6 5. c4 c5 6. d3 Be7 7. Nc3 O-O 8. a3
Nc6 9. e4 e5 10. Nh4 g6 11. Bh6 Re8 12. Bh3 Nd4 13. Rb1 a5 14. Ng2 Kh8 15. f4
Ng8 16. Bg5 f6 17. Bh4 g5 18. Qh5 Ne6 19. Bxe6 dxe6 20. fxg5 fxg5 21. Rf7 Nf6
22. Qxg5 Rg8 23. Qh6 Bxe4 1-0

[Event "IX American Continental Classical Championship 201"]
[Site "Hotel Pipa AtlÃ¢ntico - Praia da Pipa - Rio Grande"]
[Date "2014.10.24"]
[Round "9"]
[Board "73"]
[White "Braga, Jose Pereira"]
[Black "Reboucas, Deive Pacheco"]
[Result "1-0"]
[WhiteElo "1922"]
[BlackElo "2008"]
[PlyCount "42"]
[EventDate "2014.10.18"]
[EventRounds "11"]
[EventCountry "BRA"]

1. e4 c5 2. Nf3 d6 3. d4 cxd4 4. Nxd4 Nf6 5. Nc3 g6 6. Be3 Bg7 7. Be2 O-O 8.
Qd2 Ng4 9. Bxg4 Bxg4 10. f3 Bd7 11. O-O-O Re8 12. h4 Nc6 13. h5 Rc8 14. hxg6
hxg6 15. Nxc6 Rxc6 16. Bd4 e5 17. Be3 Qa5 18. Bh6 Bh8 19. Bf8 Kxf8 20. Rxh8+
Ke7 21. Nd5+ Qxd5 1-0

[Event "IX American Continental Classical Championship 201"]
[Site "Hotel Pipa AtlÃ¢ntico - Praia da Pipa - Rio Grande"]
[Date "2014.10.24"]
[Round "9"]
[Board "74"]
[White "Prado Filho, Ricardo De Almeid"]
[Black "Chaves, Jorge Antonio Torres"]
[Result "0-1"]
[WhiteElo "1893"]
[BlackElo "2006"]
[PlyCount "74"]
[EventDate "2014.10.18"]
[EventRounds "11"]
[EventCountry "BRA"]

1. d4 Nf6 2. c4 e6 3. Nc3 c5 4. d5 exd5 5. cxd5 d6 6. e4 g6 7. f4 Bg7 8. Bb5+
Bd7 9. Be2 O-O 10. a4 a6 11. Nf3 Bg4 12. O-O Bxf3 13. Bxf3 Nfd7 14. Be3 Nb6 15.
Qb3 N8d7 16. a5 Nc8 17. Qxb7 Rb8 18. Qxa6 Rxb2 19. Qd3 Rb3 20. Rfc1 Na7 21. Qc4
Rb4 22. Qa6 Qc7 23. Qd3 Rfb8 24. Ra2 Rb3 25. Bd1 c4 26. Qd2 Nc5 27. Bxb3 Nxb3
28. Qd1 Nxc1 29. Qxc1 Rb3 30. Bb6 Rxb6 31. axb6 Qxb6+ 32. Kh1 Bxc3 33. Rxa7
Qxa7 34. Qxc3 Qa2 35. h3 Qb1+ 36. Kh2 Qxe4 37. Qf6 Qxd5 0-1

[Event "IX American Continental Classical Championship 201"]
[Site "Hotel Pipa AtlÃ¢ntico - Praia da Pipa - Rio Grande"]
[Date "2014.10.24"]
[Round "9"]
[Board "75"]
[White "Barreto Junior, Williem Silva"]
[Black "Cortes Arias, Mariela"]
[Result "1/2-1/2"]
[WhiteElo "2006"]
[BlackElo "1858"]
[PlyCount "95"]
[EventDate "2014.10.18"]
[EventRounds "11"]
[EventCountry "BRA"]

1. Nf3 c5 2. g3 g6 3. Bg2 Bg7 4. O-O Nc6 5. d3 d5 6. Nbd2 e5 7. e4 d4 8. a4
Nge7 9. Nc4 O-O 10. Bd2 Bg4 11. h3 Be6 12. b3 h6 13. Qc1 Kh7 14. a5 Qd7 15. Kh2
Rab8 16. Ng1 Bxc4 17. bxc4 b5 18. axb6 Rxb6 19. Qa3 Qd6 20. Rfb1 Rfb8 21. Rxb6
Rxb6 22. Ne2 g5 23. Nc1 Nc8 24. Nb3 Bf8 25. Bf3 Qf6 26. Kg2 Bd6 27. Bg4 N8e7
28. Bd7 h5 29. Qc1 Kg6 30. g4 h4 31. Ra4 Rb7 32. Bf5+ Kh6 33. f3 Ng6 34. Ra6
Rb6 35. Qa3 Qd8 36. Ra4 Nf4+ 37. Kh2 Qe7 38. Na5 Nb4 39. Bxb4 cxb4 40. Qa2 Ne2
41. Qb2 Nc3 42. Ra1 Bb8 43. Nb3 Qc7 44. Ra5 Qc6 45. Qa1 Kg7 46. Nc5 Bd6 47. Nb3
Bb8 48. Nc5 1/2-1/2

[Event "IX American Continental Classical Championship 201"]
[Site "Hotel Pipa AtlÃ¢ntico - Praia da Pipa - Rio Grande"]
[Date "2014.10.24"]
[Round "9"]
[Board "76"]
[White "Gomes, Marco Tulio"]
[Black "Lopes Silva, Luiz Eduardo"]
[Result "1-0"]
[WhiteElo "1880"]
[BlackElo "2003"]
[PlyCount "61"]
[EventDate "2014.10.18"]
[EventRounds "11"]
[EventCountry "BRA"]

1. e4 d6 2. d4 Nf6 3. Nc3 g6 4. f4 Bg7 5. Nf3 O-O 6. Bd3 c6 7. e5 dxe5 8. fxe5
Nd5 9. O-O b6 10. Nxd5 cxd5 11. Be3 Ba6 12. Qe2 Bxd3 13. Qxd3 Nc6 14. Qd2 Rc8
15. Bh6 Qd7 16. Bxg7 Kxg7 17. Rad1 e6 18. c3 b5 19. a3 a5 20. Ng5 h6 21. Nh3
Qe7 22. Rf6 b4 23. axb4 axb4 24. Rdf1 bxc3 25. bxc3 Na5 26. Nf4 Rh8 27. Qf2 Rc7
28. Qg3 Qe8 29. Nh5+ Kg8 30. Rxg6+ fxg6 31. Nf6+ 1-0

[Event "IX American Continental Classical Championship 201"]
[Site "Hotel Pipa AtlÃ¢ntico - Praia da Pipa - Rio Grande"]
[Date "2014.10.24"]
[Round "9"]
[Board "77"]
[White "De Barros E Silva, Byron Veras"]
[Black "Moura, Paulo Jorge Alves B."]
[Result "0-1"]
[WhiteElo "1853"]
[BlackElo "2000"]
[PlyCount "91"]
[EventDate "2014.10.18"]
[EventRounds "11"]
[EventCountry "BRA"]

1. d4 d5 2. c4 Nf6 3. Nf3 dxc4 4. Nc3 a6 5. Bf4 c6 6. e3 Nd5 7. Bg3 b5 8. Be2
Bf5 9. O-O e6 10. Ne5 Bb4 11. Bf3 f6 12. Bh4 O-O 13. Ne2 Ne7 14. Ng4 h5 15.
Nxf6+ gxf6 16. Bxh5 Ng6 17. Bg3 Qe7 18. a4 Nd7 19. Bxg6 Bxg6 20. Nf4 Bf5 21.
axb5 cxb5 22. d5 e5 23. Ne6 Bxe6 24. dxe6 Qxe6 25. Qh5 Rf7 26. Qg6+ Rg7 27. Qh5
Nc5 28. Qf3 e4 29. Qf4 Nd3 30. Qh6 Bf8 31. Qh5 Nxb2 32. Rab1 Nd3 33. Ra1 f5 34.
Rfb1 b4 35. Ra5 c3 36. Qd1 Rc8 37. Qc2 Rb7 38. Rb3 Ne1 39. Qe2 Qxb3 40. Qxa6
Nd3 41. h3 c2 42. Rxf5 c1=Q+ 43. Kh2 Qc6 44. Rg5+ Bg7 45. Qa1 Qbc3 46. Qa2+ 0-1

[Event "IX American Continental Classical Championship 201"]
[Site "Hotel Pipa AtlÃ¢ntico - Praia da Pipa - Rio Grande"]
[Date "2014.10.24"]
[Round "9"]
[Board "79"]
[White "Lucena, Helianto Dos Santos"]
[Black "Schuh, Astor Jose"]
[Result "0-1"]
[WhiteElo "1846"]
[BlackElo "1956"]
[PlyCount "60"]
[EventDate "2014.10.18"]
[EventRounds "11"]
[EventCountry "BRA"]

1. d4 c5 2. e3 cxd4 3. exd4 d5 4. Nf3 Nf6 5. Be2 Nc6 6. O-O Bg4 7. c3 e6 8. Bg5
Bd6 9. h3 Bxf3 10. Bxf3 h6 11. Bh4 Qc7 12. Qe1 g5 13. Bg3 h5 14. Bxd6 Qxd6 15.
Be2 O-O-O 16. Nd2 Rdg8 17. Bb5 Nd7 18. Bxc6 bxc6 19. c4 dxc4 20. Nxc4 Qxd4 21.
b3 g4 22. Qe3 Qxe3 23. Nxe3 gxh3 24. g3 h4 25. Kh2 hxg3+ 26. fxg3 f5 27. Rf4
Ne5 28. Raf1 Rd8 29. R4f2 Rd3 30. Re2 Rxe3 0-1

[Event "IX American Continental Classical Championship 201"]
[Site "Hotel Pipa AtlÃ¢ntico - Praia da Pipa - Rio Grande"]
[Date "2014.10.24"]
[Round "9"]
[Board "80"]
[White "Costa, Paulo Sergio"]
[Black "Freitas, Remulo Aguiar"]
[Result "1/2-1/2"]
[WhiteElo "1806"]
[BlackElo "1944"]
[PlyCount "99"]
[EventDate "2014.10.18"]
[EventRounds "11"]
[EventCountry "BRA"]

1. e4 e5 2. Nf3 Nc6 3. Bc4 Bc5 4. O-O d6 5. h3 Nf6 6. d3 h6 7. a3 O-O 8. Nc3
Be6 9. Nd5 Bxd5 10. Bxd5 Nxd5 11. exd5 Ne7 12. c4 Nf5 13. Kh1 a5 14. Bd2 a4 15.
Qe2 Qf6 16. Bc3 Rfe8 17. Nd2 Qg6 18. Ne4 Nd4 19. Bxd4 Bxd4 20. f3 f5 21. Nc3
Re7 22. Rab1 Qe8 23. Rfe1 Bxc3 24. bxc3 c6 25. Qc2 cxd5 26. cxd5 Rc8 27. c4 b5
28. Rb4 bxc4 29. dxc4 e4 30. fxe4 Rxe4 31. Rxe4 fxe4 32. Qxa4 Qe5 33. Qb3 e3
34. Rb8 Rxb8 35. Qxb8+ Kf7 36. Qb1 Qf4 37. Qd1 Qf2 38. Qh5+ Kf8 39. Qg6 Qf4 40.
Qe6 Qf1+ 41. Kh2 Qf4+ 42. Kg1 Qf2+ 43. Kh2 e2 44. Qxd6+ Ke8 45. Qe6+ Kd8 46.
Qg8+ Kc7 47. Qxg7+ Kb6 48. Qxh6+ Ka7 49. Qg7+ Ka6 50. Qh6+ 1/2-1/2